Statistics for Skyrim NPCs - Whiterun

Click here to take the quiz!

General Stats

  • This quiz has been taken 7 times
  • The average score is 12 of 69

Answer Stats

Answer% Correct
OthersNazeem
86%
DragonsreachJarl Balgruuf the Greater
71%
OthersYsolda
71%
The CompanionsAela the Huntress
57%
The CompanionsFarkas
57%
FollowersLydia
57%
The CompanionsVilkas
57%
MerchantsBelethor
43%
MerchantsCarlotta Valentia
43%
DragonsreachFarengar Secret-Fire
43%
OthersHulda
43%
The CompanionsKodlak Whitemane
43%
OthersSaadia
43%
MerchantsAdrianne Avenicci
29%
MerchantsArcadia
29%
Gray-ManeEorlund Gray-Mane
29%
DragonsreachIrileth
29%
FollowersJenassa
29%
Battle-BornLars Battle-Born
29%
OthersMikael
29%
DragonsreachProventus Avenicci
29%
The CompanionsSkjor
29%
MerchantsUlfberth War-Bear
29%
Gray-ManeVignar Gray-Mane
29%
OthersAmren
14%
The CompanionsAthis
14%
OthersBraith
14%
PriestsDanica Pure-Spring
14%
PriestsHeimskr
14%
Battle-BornJon Battle-Born
14%
OthersLillith Maiden-Loom
14%
OthersLucia
14%
OthersMila Valentia
14%
The CompanionsNjada Stonearm
14%
OthersOlava the Feeble
14%
Battle-BornOlfrid Battle-Born
14%
The CompanionsRia
14%
OthersSigurd
14%
FollowersUthgerd the Unbroken
14%
PriestsAcolyte Jenssen
0%
OthersAhlam
0%
Battle-BornAlfhild Battle-Born
0%
PriestsAndurs
0%
OthersAnoriath
0%
Gray-ManeAvulstein Gray-Mane
0%
Battle-BornBergritte Battle-Born
0%
OthersBrenuin
0%
The CompanionsBrill
0%
OthersCommander Caius
0%
OthersDagny
0%
OthersEimar
0%
OthersElrindir
0%
OthersFianna
0%
Gray-ManeFralia Gray-Mane
0%
OthersFrothar
0%
OthersGerda
0%
OthersHrongar
0%
Battle-BornIdolaf Battle-Born
0%
OthersMaurice Jondrelle
0%
OthersNelkir
0%
Gray-ManeOlfina Gray-Mane
0%
OthersSaffir
0%
OthersSeverio Pelagia
0%
OthersSickly Farmer
0%
OthersSinmir
0%
OthersSkulvar Sable-Hilt
0%
Gray-ManeThorald Gray-Mane
0%
OthersTilma the Haggard
0%
The CompanionsTorvar
0%

Score Distribution

Percentile by Number Answered

Percent of People with Each Score

Your Score History

You have not taken this quiz